000 00950nam a2200277 a 4500
001 000011218
005 20240412074224.0
008 091015s1974 cu 000 p spa d
040 _aDO-SdBNP
_bspa
_cBNPHU
082 _aRD861.4408
_bR859p
245 0 0 _aPoemas de una isla y de dos pueblos /
_cselección Roberto Fernández Retamar.
260 _aLa Habana :
_bCasa de las Américas,
_c1974.
300 _a129 p. ;
_c16 cm.
490 1 _aLa Honda
590 _aInventariado, 2019 / DG
600 1 4 _aROUMAIN, JACQUES,
_d1907-1944
_926779
600 1 0 _aMir, Pedro,
_d1913-2000
_97245
650 4 _aViau, jacques
_d1941-1965
_926780
650 4 _aPoesía dominicana
_xColecciones
_9351
650 4 _aPoesía haitiana
_xColecciones
_926781
650 0 _aLiteratura dominicana.
_967
650 4 _aLiteratura haitiana
_93197
700 1 _aFernández Retamar, Roberto,
_95808
830 0 _aLa Honda
_922010
910 _aValidado. Control de calidad EMS.
999 _c10937
_d10937